|
|
|
|
| LEADER |
02877nam a22005775i 4500 |
| 001 |
978-1-4020-5401-3 |
| 003 |
DE-He213 |
| 005 |
20151204191607.0 |
| 007 |
cr nn 008mamaa |
| 008 |
100301s2007 ne | s |||| 0|eng d |
| 020 |
|
|
|a 9781402054013
|9 978-1-4020-5401-3
|
| 024 |
7 |
|
|a 10.1007/978-1-4020-5401-3
|2 doi
|
| 040 |
|
|
|d GrThAP
|
| 050 |
|
4 |
|a QC120-168.85
|
| 050 |
|
4 |
|a QA808.2
|
| 072 |
|
7 |
|a PHD
|2 bicssc
|
| 072 |
|
7 |
|a SCI041000
|2 bisacsh
|
| 082 |
0 |
4 |
|a 531
|2 23
|
| 245 |
1 |
0 |
|a Vibration Problems ICOVP 2005
|h [electronic resource] /
|c edited by Esin İnan, Ahmet Kırış.
|
| 264 |
|
1 |
|a Dordrecht :
|b Springer Netherlands,
|c 2007.
|
| 300 |
|
|
|a XVIII, 550 p.
|b online resource.
|
| 336 |
|
|
|a text
|b txt
|2 rdacontent
|
| 337 |
|
|
|a computer
|b c
|2 rdamedia
|
| 338 |
|
|
|a online resource
|b cr
|2 rdacarrier
|
| 347 |
|
|
|a text file
|b PDF
|2 rda
|
| 490 |
1 |
|
|a Springer Proceedings in Physics,
|x 0930-8989 ;
|v 111
|
| 520 |
|
|
|a This volume presents the Proceedings of the Seventh International Conference on Vibration Problems, held in Istanbul, Turkey, 05-09 September 2005. As with the earlier conferences in the ICOVP series, the purpose of ICOVP-2005 was to bring together scientists with different backgrounds, actively working on vibration-related problems of engineering both in theoretical and applied fields. The main objective did not lie, however, in reporting specific results as such, but rather in joining/exchanging different languages, questions and methods developed in the respective disciplines, and to thus stimulate a broad interdisciplinary research. The topics, indeed, vary from the effect of ground motion on the stochastic response of suspension bridges to coupling effects between different vibrations in rotor-blade systems. All lectures delivered at the Conference are recorded in their full text. Audience: Scientists, researchers and graduate students in physics and engineering.
|
| 650 |
|
0 |
|a Physics.
|
| 650 |
|
0 |
|a Continuum physics.
|
| 650 |
|
0 |
|a Mechanics.
|
| 650 |
|
0 |
|a Acoustics.
|
| 650 |
|
0 |
|a Continuum mechanics.
|
| 650 |
|
0 |
|a Vibration.
|
| 650 |
|
0 |
|a Dynamical systems.
|
| 650 |
|
0 |
|a Dynamics.
|
| 650 |
1 |
4 |
|a Physics.
|
| 650 |
2 |
4 |
|a Mechanics.
|
| 650 |
2 |
4 |
|a Continuum Mechanics and Mechanics of Materials.
|
| 650 |
2 |
4 |
|a Vibration, Dynamical Systems, Control.
|
| 650 |
2 |
4 |
|a Classical Continuum Physics.
|
| 650 |
2 |
4 |
|a Theoretical, Mathematical and Computational Physics.
|
| 650 |
2 |
4 |
|a Acoustics.
|
| 700 |
1 |
|
|a İnan, Esin.
|e editor.
|
| 700 |
1 |
|
|a Kırış, Ahmet.
|e editor.
|
| 710 |
2 |
|
|a SpringerLink (Online service)
|
| 773 |
0 |
|
|t Springer eBooks
|
| 776 |
0 |
8 |
|i Printed edition:
|z 9781402054006
|
| 830 |
|
0 |
|a Springer Proceedings in Physics,
|x 0930-8989 ;
|v 111
|
| 856 |
4 |
0 |
|u http://dx.doi.org/10.1007/978-1-4020-5401-3
|z Full Text via HEAL-Link
|
| 912 |
|
|
|a ZDB-2-PHA
|
| 950 |
|
|
|a Physics and Astronomy (Springer-11651)
|